paroles grandiose pomme - Statistiques

Statistiques générales
  • Ce quiz a été pris 135 fois
  • Le résultat moyen est 191 sur 213
Statistiques - réponses
Réponse % Correct
de
99%
grandiose
97%
Grandiose
97%
la
97%
pas
97%
que
97%
vie
97%
à
96%
dans
96%
Depuis
96%
depuis
96%
je
96%
le
96%
les
96%
me
96%
n'ai
96%
pour
96%
qui
96%
toi
96%
un
96%
veux
96%
ça
94%
comme
94%
droit
94%
enfant
94%
une
94%
ventre
94%
autres
93%
qu'on
93%
mes
91%
n'existe
91%
suis
91%
et
90%
amis
88%
j'avais
88%
s'aime
88%
disent
87%
87%
grande
87%
inventée
87%
mentent
87%
moi
87%
nous
87%
parfois
87%
ait
85%
bien
85%
si
85%
menaçante
84%
sang
84%
goutte
82%
j'ai
82%
l'envie
82%
première
82%
qu'ils
82%
des
81%
dit
81%
j'aurais
81%
taire
81%
tu
81%
n'es
79%
vend
79%
tracée
78%
cour
76%
sûrement
76%
t'auras
76%
ton
76%
coeur
75%
l'amour
75%
L'amour
75%
avant
72%
connaître
72%
filles
72%
s'effleurent
69%
cloches
67%
prendront
67%
assourdissantes
66%
bouches
66%
déborde
64%
l'église
64%
fond
58%
rose
58%
bats-toi
52%
gris
52%
Aucun quiz correspondant
Distribution des résultats
% des personnes avec chaque résultat
Percentile par nombre de réponses
Votre historique - résultats
Vous n’avez pas pris ce quiz